000 00685nam a22002177a 4500
999 _c179261
_d179261
005 20210603154746.0
010 _aB-739969
020 _a9780333154939
035 _aB-739969
037 _bGift
082 _a949.5
100 _aBury, J. B.
245 _aA history of Greece to the death of Alexander the Great /
_cby J.B. Bury [and] Russell Meiggs
260 _aNew York
_bPalgrave
_c1978
270 _a175 Fifth Avenue
_bNew York
300 _axix, 577p.
_c24cm(pbk)
500 _aincludes bibliographical references and index
700 _aMeiggs, Russell
942 _2ddc
_cEN
_h949.5
_mBUR